[Event "TUR-chT2"]
[Site "Konya"]
[Date "2018.07.13"]
[Round "6.6"]
[White "Ozen, Ali"]
[Black "Kacangar, Mehmed"]
[Result "0-1"]
[WhiteElo "1666"]
[BlackElo "1781"]
[PlyCount "120"]
[EventDate "2018.07.10"]
[EventType "team-swiss"]
[EventRounds "9"]
[EventCountry "TUR"]
[SourceTitle "EXT 2019"]
[Source "ChessBase"]
[SourceDate "2018.10.10"]
[SourceVersion "1"]
[SourceVersionDate "2018.10.10"]
[SourceQuality "1"]
[WhiteTeam "Pamukkale Yonetimi"]
[BlackTeam "Manisa Yunusembre"]
[WhiteTeamCountry "TUR"]
[BlackTeamCountry "TUR"]

1. e4 e5 2. Nf3 Nc6 3. Bc4 Be7 4. 0-0 Nf6 5. Re1 d6 6. h3 0-0 7. Bb3 Na5 8. Ba4 c5 9. c3 Qc7 10. d4 a6 11. Bc2 b5 12. Bg5 Bb7 13. Nbd2 cxd4 14. cxd4 Nc4 15. Nxc4 bxc4 16. Rc1 exd4 17. Qxd4 Qc5 18. Qxc5 dxc5 19. Bb1 h6 20. Bd2 Nd7 21. Rxc4 a5 22. Ra4 Bd8 23. Ra3 a4 24. Rd3 Nb6 25. Bc3 c4 26. Rd4 Re8 27. Nd2 Rc8 28. e5 a3 29. Be4 Ba6 30. Bc2 Bb7 31. bxa3 Nd5 32. Bb4 c3 33. Nc4 Ba6 34. Nd6 Nxb4 35. axb4 Bb6 36. Rf4 Red8 37. b5 Bb7 38. Nxb7 Rd2 39. Bb3 c2 40. Rc1 Rc7 41. Nd6 Rd1+ 42. Rxd1 cxd1Q+ 43. Bxd1 Rc1 44. Rxf7 Rxd1+ 45. Kh2 Rxd6 46. Rb7 Re6 47. Rxb6 Rxb6 48. a4 Rb8 49. Kg3 Ra8 50. Kf4 Rxa4+ 51. Kf5 Rb4 52. f4 Rxb5 53. h4 Kf7 54. h5 Ra5 55. g4 Ra6 56. g5 Rb6 57. gxh6 gxh6 58. Ke4 Rb1 59. Kf5 Re1 60. Kg4 Ke6 0-1

[Event "TUR-chT2"]
[Site "Konya"]
[Date "2018.07.11"]
[Round "2.7"]
[White "Kacangar, Mehmed"]
[Black "Oztekin, Mehmet Metin"]
[Result "0-1"]
[WhiteElo "1781"]
[BlackElo "1859"]
[PlyCount "88"]
[EventDate "2018.07.10"]
[EventType "team-swiss"]
[EventRounds "9"]
[EventCountry "TUR"]
[SourceTitle "EXT 2019"]
[Source "ChessBase"]
[SourceDate "2018.10.10"]
[SourceVersion "1"]
[SourceVersionDate "2018.10.10"]
[SourceQuality "1"]
[WhiteTeam "Manisa Yunusembre"]
[BlackTeam "Ceylanpinar Belediyesi"]
[WhiteTeamCountry "TUR"]
[BlackTeamCountry "TUR"]

1. b3 Nf6 2. Bb2 g6 3. e3 Bg7 4. f4 d6 5. Nf3 Nbd7 6. Be2 0-0 7. 0-0 a6 8. c4 b6 9. d4 Ne4 10. Nc3 Bb7 11. Nd2 Nxd2 12. Qxd2 e5 13. Bf3 Bxf3 14. Rxf3 Re8 15. fxe5 dxe5 16. Raf1 f5 17. Ne2 Nc5 18. Qc2 e4 19. Rg3 Nd3 20. Bc3 Qd6 21. Nf4 Nxf4 22. Rxf4 Qf6 23. Rf1 c5 24. Ba1 Qd6 25. d5 Bxa1 26. Rxa1 b5 27. Rf1 Rf8 28. Qf2 bxc4 29. bxc4 Rab8 30. Qf4 Qd7 31. h4 Qe7 32. h5 Kg7 33. d6 Qf6 34. Rd1 Rfd8 35. Rd5 Rb1+ 36. Kh2 Qa1 37. Qe5+ Qxe5 38. Rxe5 Kf6 39. Re7 g5 40. Rh3 Rxd6 41. Rxh7 Rdd1 42. Rh8 f4 43. exf4 gxf4 44. Rf8+ Kg5 0-1